000 01906nam a22003017i 4500
999 _c22911
_d22911
003 AR-CdUCM
008 240521b20222022pe ||||| |||| 00| 0 spa d
020 _a978-612-49021-7-8
040 _aMUNICIPALIDAD PROVINCIAL DEL CUSCO
_cBIBLIOTECA MUNICIPAL DEL CUSCO
041 _hspa
082 _a305.4 / M96
_bM96
100 _aMuñoz Cabrejo, Fanni Genoveva.
_949997
245 _aLa igualdad de las mujeres en la República :
_bUna promesa por cumplir /
260 _aLima :
_bMinisterio de Cultura del Perú,
_bProyecto Especial Bicentenario de la Independencia del Perú,
_c2022
300 _a232 páginas. :
_c21cm.
500 _zBibliografía: páginas 213 - 229
505 _aLa participación de las mujeres en la vida publica y la visibilización de la escritura femenina durante el siglo XIX -- El estado, la educación y las mujeres, 1909-1930 -- Entre la integración, la invisibilización y el reconocimiento como ciudadanas, 1930-1968 -- Democratización de la educación e institucionalización del movimiento de mujeres, 1968-1989 -- La exigencia de las mujeres por la igualdad de género, la visibilización de la violencia y el enfoque de género en la política educativa -- Desafíos de las mujeres en la educación en el marco de la crisis sanitaria
650 _aLa participación política de las mujeres en los inicios de la república
_949998
650 _aVisibilización de las mujeres en el espacio público y demanda por la educación e igualdad (1860-1909)
_949999
650 _a Las mujeres maestras
_950000
650 _aLos inicios del movimiento feminista en el Perú
_950001
650 _a Nuevos espacios para las mujeres: los sindicatos
_950002
650 _aEl voto de la mujer y el populismo
_950003
700 _aMonzón Rodríguez, Flor de María
_949918
856 _fwww.bicentenario.gob.pe/biblioteca
942 _2ddc
_cLIBROS
945 _apbj
_d2024-05-21